Connor Price -- All Songs - Statistics

General Stats
  • This quiz has been taken 33 times
    2 since last reset
  • The average score is 37 of 154
Answer Stats
Hint Answer % Correct
Feature - with Hulvey AUTOMATIC
100%
About Time Boats
100%
Single - feat. Hoodie Allen Buddy
100%
Spin The Globe DIP
100%
About Time Hand Sanitize
100%
Single - feat. Maverick City Music, Taylor Hill, Nick Day I Need Help
100%
Single - feat. Shumaq It's Not Really Funny
100%
About Time More Mentors
100%
About Time Push
100%
Single - feat. Nic D Ride
100%
Single - feat. Nic D Slide
100%
Spin The Globe Spinnin
100%
Single Too Bad
100%
Feature - with Forrest Frank UP!
100%
Spin The Globe Violet
100%
Single - feat. Nic D 100 Problems
50%
About Time About Time
50%
Single Back On Tour
50%
Till Next Time Bankroll
50%
About Time By My Side
50%
ICONIC Caveman
50%
About Time Despicable
50%
About Time Dialed In
50%
ICONIC Diploma (Remix)
50%
Spin The Globe Drop
50%
Single - feat. Nic D and GRAHAM East Coast
50%
Single - feat. Nic D Easy
50%
Single EGOT
50%
Single Extraordinary
50%
Single GOLDEN GOOSE
50%
About Time Hope It Never Ends
50%
About Time I Like That
50%
Single Inside / Outside
50%
About Time In Too Deep
50%
Till Next Time It's Going Down
50%
Single Jude's Song
50%
Spotify Singles Let Go
50%
Single - feat. Evelyne Brochu Love Language
50%
Single - feat. Nic D Luv u
50%
Single - feat. Armani White Million Cash
50%
Single Molly's Song
50%
About Time Mula
50%
Single - feat. bbno$ Not A Beanie
50%
Single - feat. Nic D Old Ways
50%
Single - feat. Nic D and GRAHAM Perfect Timing
50%
About Time Runnin
50%
Single - feat. Nic D Scoop
50%
Single Smooth
50%
Single - feat. Chloe Sagum Start Again
50%
Till Next Time Still Hot
50%
Single - feat. Bens Still Spinnin
50%
Single - feat. Nic D Stuntman
50%
Single - feat. Nic D, 4Korners Swing
50%
ICONIC Too Easy
50%
Single Top 10
50%
Spin The Globe 2 Trendsetter
50%
Till Next Time Tuesday
50%
Single - feat. Nic D Upgrade
50%
Feature - with Hoodie Allen Vroom
50%
Single '21 Raps
0%
Single - feat. 4Korners, Akintoye, IDRIS Aces
0%
Single - feat. Kevin Euerle All of the Above
0%
ICONIC Ambidexterous
0%
Spin The Globe 2 AMG
0%
About Time Back To You
0%
BUDDY SYSTEM BENJAMIN BUTTON
0%
Single - feat. Pertinence BIG FISH
0%
Till Next Time Big Pockets
0%
Spin The Globe Blue Shell
0%
Single. - feat. Nic D Buffalo
0%
Spin The Globe 2 Can't Give Up
0%
Single Chatter
0%
Trillium Chess
0%
Single - feat. Hoodie Allen Chirp
0%
Single Christmas In Vegas
0%
Spin The Globe Chuck Taylor
0%
Single City Lights
0%
Spin The Globe 2 Correct
0%
Single - feat. Idris Elba Courteney Cox - Extended
0%
BUDDY SYSTEM CROWN
0%
Single Cubicle
0%
Spin The Globe 2 Customs
0%
ICONIC Dabble
0%
Feature - with IamCreed Day Off
0%
4 of clubs Didn't Ask
0%
Single - feat. John Roa Don't Tell Me
0%
Trillium Double Check
0%
Single Eastern Ave Night Drive
0%
Single Falling Behind
0%
Spin The Globe False Alarm
0%
Till Next Time Gasoline
0%
Single Gift and a Curse
0%
Spin The Globe Globe Cypher
0%
ICONIC Good News
0%
Feature - with callmestevieray Grateful
0%
Single - feat. Walker Hayes Happier
0%
Single Happy Alone
0%
Single Happy Face
0%
Single Hopeless
0%
Single - feat. Nic D and GRAHAM HOV - Remix
0%
Feature - with Versvs I.D.W.B.F
0%
Single - feat. GRAHAM I Gave Everything
0%
Single Imposter Syndrome
0%
ICONIC John Daly
0%
Spin The Globe 2 John Wick
0%
Spotify Singles Just the Two of Us
0%
Single. - feat. Nic D LET ME COOK
0%
Feature - with CMTT and Brea Price Let Me Down
0%
About Time Look What I Did
0%
Single - feat. Evelyne Brochu Love Language - Acoustic
0%
Single - feat. 4Korners Marathon
0%
Single Midsummer Freestyle
0%
Single- feat. Chloe Sagum Miss You (When You're Gone)
0%
Single - feat. Ktlyn NEW PHONE
0%
Single - feat. Nic D No Bad Side
0%
Feature - with Nic D Nobodies
0%
Single - feat. Nic D No Middleman
0%
Single No Visits
0%
Single NOW WHAT?
0%
4 of clubs Outside
0%
Spin The Globe 2 Overnight
0%
Feature - with Tsyumoki Pink Blue - Remix
0%
BUDDY SYSTEM PULL UP
0%
4 of clubs Rare Candy
0%
Single - feat. Matty Beats & Lex Brachter Receipts
0%
ICONIC Riptide
0%
Single Roots
0%
Spin The Globe 2 Ruby
0%
BUDDY SYSTEM RUNAWAY
0%
Single - feat. Nic D Selfish
0%
BUDDY SYSTEM SLIP
0%
Single - feat. Walker Hayes Smoke
0%
Single SPLAT
0%
4 of clubs Starter Pistol
0%
Trillium Stats
0%
Single - feat. Caleb Mitchell Still Blue
0%
Single Straight A's
0%
Single Summer Secret
0%
About Time Sunday Scaries
0%
Feature - with Boney M. Sunny
0%
Till Next Time Swordfish
0%
Single - feat. Chloe Sagum Talk About Us
0%
Single The Birds
0%
Single These Days
0%
Single - feat. ShaqIsDope The Usual
0%
Single - feat. Lex Brachter Thrillin
0%
Single Toast
0%
Spin The Globe 2 Tombstone
0%
Single Too Bad - Acoustic
0%
Single Underdog
0%
Till Next Time Unfair
0%
Single - feat. Brea Price When You're Gone
0%
Single You
0%
Single You Said
0%
No matching quizzes found
Score Distribution
Percent of People with Each Score
Percentile by Number Answered
Your Score History
You have not taken this quiz since the last reset